| 000 | 00945nam a22003017a 4500 | ||
|---|---|---|---|
| 003 | CHAP | ||
| 005 | 20220329135745.0 | ||
| 008 | 971013s1967 r 00010 d | ||
| 010 | _a41589 | ||
| 011 | _a42561 | ||
| 035 | _a46690 | ||
| 040 | _cCHAP | ||
| 082 |
_a634.95 _bF6 1967 |
||
| 100 | 0 | 0 |
_aFors y Reyes, Alberto J. _942616 |
| 245 | _aManual de silvicultura | ||
| 250 | _a4 ed. | ||
| 260 |
_aLa Habana : _bInstituto Nacional de Desarrollo y Aprovechamiento Forestales, _c1967 |
||
| 300 | _a251 p. | ||
| 590 |
_aBATCH-UPD _b10 _c20130110 _lUCH01 _h2226 |
||
| 590 |
_aBATCH-UPD _b10 _c20130410 _lUCH01 _h1522 |
||
| 590 |
_aBATCH-UPD _b10 _c20130914 _lUCH01 _h0712 |
||
| 590 |
_aCONVERSION _b10 _c20130109 _lUCH01 _h1323 |
||
| 650 | 1 | 4 |
_aBosques _xCuba. _914119 |
| 650 | 1 | 4 |
_aSilvicultura _xPublicaciones periódicas. _9106124 |
| 901 | _aBK | ||
| 942 | _cLIBRO | ||
| 949 |
_a634.95 F6 1967 _bBC _cLIBRO _d33724000914362 _eLIBRO _h38474 _i46690 _mD _si |
||
| 999 |
_c41589 _d41589 |
||